LOCUS ILLUSTRATED DICTIONARY OF LITERATURE (Record no. 1880)
[ view plain ]
| 000 -LEADER | |
|---|---|
| fixed length control field | 00395nam a22001457a 4500 |
| 005 - DATE AND TIME OF LATEST TRANSACTION | |
| control field | 20241202085153.0 |
| 008 - FIXED-LENGTH DATA ELEMENTS--GENERAL INFORMATION | |
| fixed length control field | 241202b |||||||| |||| 00| 0 eng d |
| 020 ## - INTERNATIONAL STANDARD BOOK NUMBER | |
| International Standard Book Number | 9788189093433 |
| 050 ## - LIBRARY OF CONGRESS CALL NUMBER | |
| Classification number | PN41 |
| Item number | RIC |
| 245 ## - TITLE STATEMENT | |
| Title | LOCUS ILLUSTRATED DICTIONARY OF LITERATURE |
| 260 ## - PUBLICATION, DISTRIBUTION, ETC. | |
| Place of publication, distribution, etc. | NEW DELHI |
| Name of publisher, distributor, etc. | LOCUS PRESS |
| Date of publication, distribution, etc. | c2006 |
| 300 ## - PHYSICAL DESCRIPTION | |
| Extent | 192p |
| Dimensions | ill.; |
| 700 ## - ADDED ENTRY--PERSONAL NAME | |
| Personal name | EDITED BY RICHARDSON, JACK |
| 942 ## - ADDED ENTRY ELEMENTS (KOHA) | |
| Source of classification or shelving scheme | Library of Congress Classification |
| Koha item type | Books |
| Suppress in OPAC | No |
| 999 ## - | |
| -- | 1880 |
| -- | 1880 |
| Withdrawn status | Lost status | Source of classification or shelving scheme | Damaged status | Not for loan | Collection | Home library | Current library | Shelving location | Date acquired | Total checkouts | Full call number | Barcode | Date last seen | Copy number | Price effective from | Koha item type |
|---|---|---|---|---|---|---|---|---|---|---|---|---|---|---|---|---|
| Library of Congress Classification | Non-fiction | Business Library (Miotso) | Business Library (Miotso) | General stacks | 03/27/2026 | PN41 RIC | BSSM00003716 | 04/23/2026 | 1 | 03/27/2026 | Books | |||||
| Library of Congress Classification | Non-fiction | Business Library (Miotso) | Business Library (Miotso) | General stacks | 03/27/2026 | PN41 RIC | BSSM00003763 | 04/24/2026 | 3 | 03/27/2026 | Books | |||||
| Library of Congress Classification | Non-fiction | Business Library (Miotso) | Business Library (Miotso) | General stacks | 03/27/2026 | PN41 RIC | BSSM00003764 | 04/24/2026 | 4 | 03/27/2026 | Books | |||||
| Library of Congress Classification | Reference | Undergraduate Library (Christ Temple) | Undergraduate Library (Christ Temple) | General stacks | 12/02/2024 | PN41 RIC | ulct00000446 | 12/02/2024 | 1 | 12/02/2024 | Books |